[Event "St Petersburg Spring op"]
[Site "St Petersburg"]
[Date "2011.03.24"]
[Round "2"]
[White "Eltsov, Valery"]
[Black "Tskhadadze, Anna"]
[Result "1-0"]
[WhiteElo "2098"]
[BlackElo "1755"]
[PlyCount "99"]
[EventDate "2011.03.23"]
[EventType "swiss"]
[EventRounds "9"]
[EventCountry "RUS"]
[SourceTitle "CBM 141 Extra"]
[Source "ChessBase"]
[SourceDate "2011.05.03"]
[SourceVersion "1"]
[SourceVersionDate "2011.05.03"]
[SourceQuality "1"]

1. e4 c5 2. Nf3 d6 3. d4 cxd4 4. Nxd4 Nf6 5. Nc3 a6 6. g3 g6 7. Bg2 Bg7 8. 0-0 0-0 9. h3 Nbd7 10. Nd5 Nxd5 11. exd5 Qc7 12. c3 Nf6 13. Re1 Re8 14. Bf4 b5 15. a4 bxa4 16. Qxa4 Bb7 17. Qa5 Qxa5 18. Rxa5 Nd7 19. Nc6 Bf6 20. Nb4 Nb6 21. Bf1 Rec8 22. Bg2 Rc5 23. Rxc5 dxc5 24. Nc6 Rc8 25. Nxe7+ Bxe7 26. Rxe7 Bxd5 27. f3 Na4 28. Rd7 Be6 29. Rd2 c4 30. Be5 Nc5 31. f4 Nd3 32. Bd6 Rd8 33. Ba3 Bd5 34. Bf1 Be4 35. Be2 Rb8 36. Bd1 Bf5 37. h4 Re8 38. Re2 Rxe2 39. Bxe2 f6 40. Bf3 Kf7 41. Kf1 h5 42. Bb7 a5 43. Ke2 Nc1+ 44. Ke3 Bd3 45. b4 Nb3 46. b5 a4 47. b6 Na5 48. Bd5+ Kg7 49. b7 Nxb7 50. Bxb7 1-0

[Event "St Petersburg-ch sf"]
[Site "St Petersburg"]
[Date "2011.02.18"]
[Round "8"]
[White "Eltsov, Valery"]
[Black "Sheynin, Izrail"]
[Result "1/2-1/2"]
[WhiteElo "2088"]
[BlackElo "2120"]
[PlyCount "54"]
[EventDate "2011.02.11"]
[EventType "swiss"]
[EventRounds "9"]
[EventCountry "RUS"]
[SourceTitle "CBM 141 Extra"]
[Source "ChessBase"]
[SourceDate "2011.05.03"]
[SourceVersion "1"]
[SourceVersionDate "2011.05.03"]
[SourceQuality "1"]

1. e4 e5 2. Nf3 Nc6 3. Bc4 Nf6 4. Nc3 Bc5 5. d3 d6 6. h3 h6 7. 0-0 Qe7 8. Be3 Bb6 9. Bxb6 axb6 10. Nd5 Nxd5 11. Bxd5 0-0 12. d4 Qf6 13. dxe5 dxe5 14. c3 Rd8 15. Qe2 Ne7 16. Bb3 Ng6 17. Rad1 Bxh3 18. Nxe5 Nxe5 19. gxh3 Nf3+ 20. Kg2 Nh4+ 21. Kh1 Nf3 22. Kg2 Rxd1 23. Rxd1 Ra5 24. Rd5 Nh4+ 25. Kf1 Rxd5 26. exd5 Qf5 27. Qg4 Qd3+ 1/2-1/2

[Event "St Petersburg-ch sf"]
[Site "St Petersburg"]
[Date "2011.02.15"]
[Round "5"]
[White "Eltsov, Valery"]
[Black "Khakimov, Timur"]
[Result "0-1"]
[WhiteElo "2088"]
[BlackElo "2289"]
[PlyCount "50"]
[EventDate "2011.02.11"]
[EventType "swiss"]
[EventRounds "9"]
[EventCountry "RUS"]
[SourceTitle "CBM 141 Extra"]
[Source "ChessBase"]
[SourceDate "2011.05.03"]
[SourceVersion "1"]
[SourceVersionDate "2011.05.03"]
[SourceQuality "1"]

1. e4 e5 2. Nf3 Nc6 3. Bb5 f5 4. Nc3 fxe4 5. Nxe4 Nf6 6. Qe2 d5 7. Nxf6+ gxf6 8. Nh4 Be6 9. f4 Bg7 10. fxe5 0-0 11. Nf3 fxe5 12. Bxc6 bxc6 13. 0-0 e4 14. d3 Bf5 15. dxe4 Bxe4 16. c3 Qd6 17. Be3 c5 18. Ng5 Bg6 19. Rxf8+ Rxf8 20. Rf1 Re8 21. Qf3 d4 22. Bd2 Rf8 23. Qe2 Rxf1+ 24. Qxf1 Qd5 25. a3 dxc3 0-1

[Event "St Petersburg-ch sf"]
[Site "St Petersburg"]
[Date "2011.02.14"]
[Round "4"]
[White "Pershin, Denis"]
[Black "Eltsov, Valery"]
[Result "0-1"]
[WhiteElo "1975"]
[BlackElo "2088"]
[PlyCount "120"]
[EventDate "2011.02.11"]
[EventType "swiss"]
[EventRounds "9"]
[EventCountry "RUS"]
[SourceTitle "CBM 141 Extra"]
[Source "ChessBase"]
[SourceDate "2011.05.03"]
[SourceVersion "1"]
[SourceVersionDate "2011.05.03"]
[SourceQuality "1"]

1. e4 e5 2. Nf3 Nc6 3. Bb5 a6 4. Ba4 b5 5. Bb3 Na5 6. 0-0 d6 7. d4 f6 8. dxe5 Nxb3 9. axb3 fxe5 10. Qd5 Bd7 11. Ng5 Nh6 12. b4 c6 13. Qb3 Be7 14. h4 Qc8 15. f4 Bxg5 16. fxg5 Be6 17. Qg3 Nf7 18. g6 hxg6 19. Qxg6 Bc4 20. Rf3 Rxh4 21. Qxg7 Qg4 22. Qxg4 Rxg4 23. Nc3 Ke7 24. b3 Be6 25. Rf2 Nh8 26. Kh2 Ng6 27. Rf3 Nh4 28. Rg3 Rag8 29. Rxg4 Rxg4 30. g3 Nf3+ 31. Kg2 Ne1+ 32. Kf2 Nxc2 33. Rxa6 Nxb4 34. Ra7+ Bd7 35. Ba3 Nc2 36. Bb2 Nd4 37. b4 Nc2 38. Kf3 Rg8 39. Na2 Rh8 40. Bc3 Rh1 41. Ke2 Rh3 42. Kd3 Nd4 43. Bxd4 exd4 44. Kxd4 Rxg3 45. Nc1 Rg4 46. Nd3 Kd8 47. Ke3 Rg3+ 48. Kd4 Be6 49. Nf4 Bc4 50. e5 Rg4 51. Ke4 c5 52. exd6 cxb4 53. Kf5 b3 54. Ne6+ Bxe6+ 55. Kxe6 Re4+ 56. Kd5 b2 57. Ra8+ Kd7 58. Ra7+ Kc8 59. d7+ Kd8 60. Kc6 Re6+ 0-1

[Event "St Petersburg Autumn op"]
[Site "St Petersburg"]
[Date "2010.10.18"]
[Round "3"]
[White "Eltsov, Valery"]
[Black "Obraztsov, Nikita"]
[Result "1-0"]
[WhiteElo "2048"]
[BlackElo "1923"]
[PlyCount "75"]
[EventDate "2010.10.16"]
[EventType "swiss"]
[EventRounds "9"]
[EventCountry "RUS"]
[SourceTitle "EXT 2011"]
[Source "ChessBase"]
[SourceDate "2010.11.26"]
[SourceVersion "1"]
[SourceVersionDate "2010.11.26"]
[SourceQuality "1"]

1. e4 c5 2. Nf3 d6 3. d4 cxd4 4. Nxd4 Nf6 5. Nc3 a6 6. g3 e5 7. Nde2 Nc6 8. Bg2 Be6 9. 0-0 Be7 10. Nd5 Bxd5 11. exd5 Nb8 12. c4 Nbd7 13. h3 0-0 14. Be3 Rc8 15. Rc1 Qa5 16. a3 b5 17. cxb5 Qxb5 18. Qd2 Nc5 19. Bxc5 Rxc5 20. b4 Rcc8 21. Rc6 Rxc6 22. dxc6 d5 23. Rc1 Rc8 24. Qc2 a5 25. Bf1 axb4 26. Nd4 Qb6 27. Qf5 Rc7 28. Qxe5 Bf8 29. a4 b3 30. Bb5 b2 31. Rb1 Bc5 32. Nb3 Bxf2+ 33. Kg2 Qa7 34. Rxb2 Bb6 35. Re2 h6 36. a5 Bg1 37. Bd3 Rc8 38. Bf5 1-0

[Event "St Petersburg Autumn op"]
[Site "St Petersburg"]
[Date "2010.10.17"]
[Round "2"]
[White "Serov, Maksim"]
[Black "Eltsov, Valery"]
[Result "1-0"]
[WhiteElo "2375"]
[BlackElo "2048"]
[PlyCount "95"]
[EventDate "2010.10.16"]
[EventType "swiss"]
[EventRounds "9"]
[EventCountry "RUS"]
[SourceTitle "EXT 2011"]
[Source "ChessBase"]
[SourceDate "2010.11.26"]
[SourceVersion "1"]
[SourceVersionDate "2010.11.26"]
[SourceQuality "1"]

1. d4 d5 2. Nf3 c6 3. c4 e6 4. Nbd2 f5 5. g3 Nf6 6. Bg2 Bd6 7. 0-0 0-0 8. Ne5 Nbd7 9. Nd3 Ne4 10. Qc2 Nxd2 11. Bxd2 Nf6 12. Bf4 Qe7 13. Bxd6 Qxd6 14. c5 Qc7 15. b4 Bd7 16. a4 a6 17. Rab1 Be8 18. Qd2 h6 19. Qe3 Bd7 20. Ne5 Be8 21. h4 Qe7 22. Rb2 Ng4 23. Nxg4 fxg4 24. f3 Bh5 25. b5 axb5 26. axb5 Rae8 27. bxc6 bxc6 28. Rb6 Qc7 29. f4 Bf7 30. Rfb1 Rb8 31. Qb3 Rxb6 32. cxb6 Qb7 33. Qb4 Ra8 34. Qd6 Kh7 35. Rb2 Bg6 36. Kf2 Bf5 37. Qc7 Qxc7 38. bxc7 Rc8 39. Rb7 Bc2 40. e4 Bd3 41. Ke3 Bc4 42. f5 exf5 43. exf5 g5 44. fxg6+ Kxg6 45. Kf4 Ba6 46. Ra7 Rf8+ 47. Ke5 Bc8 48. Ra8 1-0

[Event "St Petersburg Autumn op"]
[Site "St Petersburg"]
[Date "2009.??.??"]
[Round "8"]
[White "Eidelson, Rakhil"]
[Black "Eltsov, Valery"]
[Result "1/2-1/2"]
[WhiteElo "2245"]
[BlackElo "2090"]
[PlyCount "83"]
[EventDate "2009.10.??"]
[EventType "swiss"]
[EventRounds "9"]
[EventCountry "RUS"]
[SourceTitle "EXT 2011"]
[Source "ChessBase"]
[SourceDate "2010.11.26"]
[SourceVersion "1"]
[SourceVersionDate "2010.11.26"]
[SourceQuality "1"]

1. e4 e5 2. Nf3 Nc6 3. Bc4 Bc5 4. 0-0 Nf6 5. d3 d6 6. c3 0-0 7. Bb3 Bb6 8. Nbd2 Nh5 9. Nc4 Qf6 10. Nxb6 axb6 11. Bg5 Qg6 12. Qd2 h6 13. Be3 Be6 14. c4 Kh7 15. Kh1 Qf6 16. Bd1 Nf4 17. Ne1 g5 18. f3 Qg7 19. g3 Ng6 20. Nc2 f5 21. exf5 Bxf5 22. Be2 Rf7 23. b4 Nf8 24. b5 Nd4 25. Bxd4 exd4 26. g4 Bg6 27. f4 gxf4 28. Bf3 Rb8 29. Bd5 Re7 30. Rxf4 Ne6 31. Bxe6 Rxe6 32. Raf1 Rbe8 33. Nxd4 Re3 34. Qf2 Rxd3 35. Nf5 Bxf5 36. Rxf5 Re7 37. Qc2 Qd4 38. R5f3 Ree3 39. Rf7+ Kg8 40. Rf8+ Kg7 41. R8f7+ Kg8 42. Rf8+ 1/2-1/2

[Event "St Petersburg Chigorin CC-ch"]
[Site "St Petersburg"]
[Date "2008.05.22"]
[Round "8"]
[White "Sheynin, Izrail"]
[Black "Eltsov, Valery"]
[Result "1/2-1/2"]
[WhiteElo "2171"]
[BlackElo "2098"]
[PlyCount "59"]
[EventDate "2008.05.13"]
[EventType "swiss"]
[EventRounds "9"]
[EventCountry "RUS"]
[SourceTitle "CBM 124 Extra"]
[Source "ChessBase"]
[SourceDate "2008.07.03"]
[SourceVersion "1"]
[SourceVersionDate "2008.07.03"]
[SourceQuality "1"]

1. e4 e5 2. Nf3 Nc6 3. d4 exd4 4. Nxd4 Bc5 5. Be3 Qf6 6. c3 Nge7 7. Bc4 Ne5 8. Be2 Qg6 9. 0-0 d6 10. f4 Qxe4 11. Bf2 Bxd4 12. cxd4 N5g6 13. Nc3 Qxf4 14. Nb5 0-0 15. Nxc7 Rb8 16. d5 b6 17. Nb5 Qg5 18. Bg3 Qe3+ 19. Kh1 Nf5 20. Rxf5 Bxf5 21. Nxd6 Bd7 22. Nc4 Qg5 23. Bxb8 Rxb8 24. Qd4 Re8 25. Bf3 Nh4 26. Rg1 Nf5 27. Qf2 Qf4 28. b3 Bb5 29. Re1 Rxe1+ 30. Qxe1 1/2-1/2

[Event "St Petersburg March op"]
[Site "St Petersburg"]
[Date "2008.03.27"]
[Round "6"]
[White "Glazov, Anatoly"]
[Black "Eltsov, Valery"]
[Result "0-1"]
[WhiteElo "1939"]
[BlackElo "2098"]
[PlyCount "110"]
[EventDate "2008.03.22"]
[EventType "swiss"]
[EventRounds "9"]
[EventCountry "RUS"]
[SourceTitle "EXT 2010"]
[Source "ChessBase"]
[SourceDate "2010.11.25"]
[SourceVersion "1"]
[SourceVersionDate "2010.11.25"]
[SourceQuality "1"]

1. c4 f5 2. d4 e6 3. Nf3 d5 4. Nc3 Nf6 5. Bg5 c6 6. Ne5 Bd6 7. e3 Nbd7 8. f4 0-0 9. Bd3 Qe8 10. 0-0 Ne4 11. Nxe4 dxe4 12. Be2 c5 13. Kh1 Nf6 14. g4 b6 15. Rg1 cxd4 16. exd4 Bxe5 17. fxe5 Nxg4 18. Bxg4 fxg4 19. Qxg4 e3 20. Bxe3 Bb7+ 21. d5 Qd7 22. h3 Rad8 23. Bg5 exd5 24. Qxd7 Rxd7 25. Rgf1 dxc4+ 26. Kh2 Re8 27. Rae1 h6 28. Bf4 g5 29. Bg3 Rd2+ 30. Rf2 Rxf2+ 31. Bxf2 Kf7 32. Bd4 Ke6 33. Rf1 Kd5 34. Bc3 a5 35. Rd1+ Ke4 36. Rd6 h5 37. Rxb6 Bc8 38. Rh6 g4 39. Rxh5 gxh3 40. Rh6 a4 41. Rh4+ Kd5 42. Rd4+ Kc5 43. Rd2 Rf8 44. a3 Rf3 45. Bb4+ Kc6 46. Rd6+ Kc7 47. Ba5+ Kb7 48. Rb6+ Ka7 49. e6 Re3 50. Rb4 Rxe6 51. Bc7 Bd7 52. Rxc4 Re2+ 53. Kg1 Rg2+ 54. Kf1 Rxb2 55. Bf4 Bb5 0-1

[Event "St Petersburg March op"]
[Site "St Petersburg"]
[Date "2008.03.26"]
[Round "5"]
[White "Eltsov, Valery"]
[Black "Anosov, Sergey"]
[Result "1/2-1/2"]
[WhiteElo "2098"]
[BlackElo "2070"]
[PlyCount "48"]
[EventDate "2008.03.22"]
[EventType "swiss"]
[EventRounds "9"]
[EventCountry "RUS"]
[SourceTitle "EXT 2010"]
[Source "ChessBase"]
[SourceDate "2010.11.25"]
[SourceVersion "1"]
[SourceVersionDate "2010.11.25"]
[SourceQuality "1"]

1. d4 Nf6 2. c3 d5 3. Bf4 e6 4. e3 Nbd7 5. Nf3 c5 6. Bd3 Qb6 7. Qc1 Bd6 8. Bg3 Qc7 9. Nbd2 e5 10. dxe5 Nxe5 11. Nxe5 Bxe5 12. Nf3 Bxg3 13. hxg3 Bd7 14. Qc2 g6 15. 0-0 0-0-0 16. c4 Bc6 17. Rac1 d4 18. exd4 Bxf3 19. gxf3 Rxd4 20. Rfd1 Rhd8 21. Bf1 Qd6 22. Be2 Qa6 23. Rxd4 Rxd4 24. a3 Qd6 1/2-1/2

[Event "St Petersburg White Nights op"]
[Site "St Petersburg"]
[Date "2007.07.02"]
[Round "8"]
[White "Eltsov, Valery"]
[Black "Yankovsky, Roman"]
[Result "1/2-1/2"]
[WhiteElo "2111"]
[BlackElo "2233"]
[PlyCount "70"]
[EventDate "2007.06.25"]
[EventType "swiss"]
[EventRounds "9"]
[EventCountry "RUS"]
[SourceTitle "CBM 119 Extra"]
[Source "ChessBase"]
[SourceDate "2007.09.04"]
[SourceVersion "1"]
[SourceVersionDate "2007.09.04"]
[SourceQuality "1"]

1. e4 c5 2. Nf3 d6 3. d4 cxd4 4. Nxd4 Nf6 5. Nc3 g6 6. f3 Bg7 7. Be3 0-0 8. Qd2 Nc6 9. 0-0-0 d5 10. exd5 Nxd5 11. Nxd5 Qxd5 12. Nxc6 Qxc6 13. Qd5 Qa4 14. Qb3 Qa5 15. Bc4 b5 16. Qxb5 Qxb5 17. Bxb5 Rb8 18. Bd3 Rxb2 19. Bc4 Rb4 20. Bb3 a5 21. a3 Rb8 22. Rhe1 a4 23. Bxa4 Ra8 24. Bb3 Rxa3 25. Bc5 Ra5 26. Bd4 e5 27. Bc3 Rb5 28. Rd5 Rxd5 29. Bxd5 Re8 30. f4 Bh6 31. Bd2 Bg7 32. Bb3 Bb7 33. fxe5 Bxg2 34. e6 fxe6 35. Rxe6 Rxe6 1/2-1/2

[Event "St Petersburg Zak Memorial"]
[Site "St Petersburg"]
[Date "2007.04.01"]
[Round "9"]
[White "Eltsov, Valery"]
[Black "Shpartko, Grigory"]
[Result "1-0"]
[WhiteElo "2111"]
[BlackElo "2019"]
[PlyCount "145"]
[EventDate "2007.03.24"]
[EventType "team"]
[EventRounds "9"]
[EventCountry "RUS"]
[SourceTitle "CBM 117 Extra"]
[Source "ChessBase"]
[SourceDate "2007.05.09"]
[SourceVersion "1"]
[SourceVersionDate "2007.05.09"]
[SourceQuality "1"]

1. e4 c5 2. Nf3 d6 3. d4 cxd4 4. Nxd4 Nf6 5. Nc3 g6 6. Be3 Bg7 7. f3 Nc6 8. Bc4 0-0 9. Qd2 a6 10. 0-0-0 Ne5 11. Bb3 b5 12. Bh6 Bh8 13. Bxf8 Qxf8 14. Nd5 Bb7 15. Nxf6+ Bxf6 16. f4 Nc4 17. Bxc4 bxc4 18. Rhe1 Qh6 19. g3 a5 20. Kb1 Qg7 21. c3 a4 22. Nc2 h5 23. h4 Rb8 24. Kc1 Bc8 25. e5 dxe5 26. Qd8+ Kh7 27. Qc7 Ra8 28. fxe5 Qh6+ 29. Kb1 Bg7 30. Qxe7 Bf5 31. Rd8 Rxd8 32. Qxd8 Bd3 33. Qg5 Qxg5 34. hxg5 Bf8 35. Kc1 Be7 36. Ne3 Bxg5 37. Kd2 Kg7 38. b3 axb3 39. axb3 Kf8 40. bxc4 Bxc4 41. Kc2 Bxe3 42. Rxe3 Ke7 43. Re4 Bd5 44. Rf4 Ke6 45. c4 Bg2 46. Kd3 Kxe5 47. Rxf7 g5 48. Ke3 h4 49. g4 h3 50. Kf2 Ke6 51. Rh7 Ke5 52. Kg3 Kd4 53. Rc7 Ke5 54. c5 Kd5 55. Rc8 Kc4 56. Rg8 Kxc5 57. Rxg5+ Kd6 58. Rf5 Ke6 59. Rf2 Ke5 60. g5 Be4 61. Kxh3 Bf5+ 62. Kh4 Bg6 63. Rf6 Be8 64. Rb6 Kf5 65. Rf6+ Ke5 66. Rf8 Bg6 67. Kg4 Ke4 68. Rf6 Bh7 69. g6 Bg8 70. g7 Ke5 71. Kg5 Bh7 72. Rf8 Ke6 73. Rh8 1-0

[Event "St Petersburg Zak Memorial"]
[Site "St Petersburg"]
[Date "2007.03.29"]
[Round "6"]
[White "Molchanov, Maksim"]
[Black "Eltsov, Valery"]
[Result "0-1"]
[WhiteElo "1994"]
[BlackElo "2111"]
[PlyCount "78"]
[EventDate "2007.03.24"]
[EventType "team"]
[EventRounds "9"]
[EventCountry "RUS"]
[SourceTitle "CBM 117 Extra"]
[Source "ChessBase"]
[SourceDate "2007.05.09"]
[SourceVersion "1"]
[SourceVersionDate "2007.05.09"]
[SourceQuality "1"]

1. e4 e5 2. Nf3 Nc6 3. Bb5 a6 4. Ba4 b5 5. Bb3 Na5 6. 0-0 d6 7. d4 f6 8. c4 Be6 9. d5 Bd7 10. Na3 b4 11. Nc2 Nxb3 12. axb3 a5 13. Bd2 Ne7 14. Nh4 g6 15. Qe2 Bg7 16. Ra2 0-0 17. Rfa1 c5 18. dxc6 Bxc6 19. Rd1 Qc7 20. f3 f5 21. exf5 gxf5 22. Bg5 f4 23. Nd4 exd4 24. Qxe7 Ra7 25. Qxc7 Rxc7 26. Rxa5 h6 27. Ng6 hxg5 28. Nxf8 Kxf8 29. Ra6 Be5 30. Rb6 Bd7 31. Rxb4 Bf5 32. Rd2 d3 33. Kf1 Bd4 34. Rb5 Rc5 35. g4 fxg3 36. hxg3 Be3 37. Rd1 Rxb5 38. cxb5 Ke7 39. Re1 Bh3# 0-1

[Event "St Petersburg Zak Memorial"]
[Site "St Petersburg"]
[Date "2007.03.27"]
[Round "4"]
[White "Gershun, Dmitry"]
[Black "Eltsov, Valery"]
[Result "0-1"]
[WhiteElo "1940"]
[BlackElo "2111"]
[PlyCount "72"]
[EventDate "2007.03.24"]
[EventType "team"]
[EventRounds "9"]
[EventCountry "RUS"]
[SourceTitle "CBM 117 Extra"]
[Source "ChessBase"]
[SourceDate "2007.05.09"]
[SourceVersion "1"]
[SourceVersionDate "2007.05.09"]
[SourceQuality "1"]

1. e4 e5 2. Nf3 Nc6 3. Bb5 a6 4. Ba4 b5 5. Bb3 Na5 6. Nc3 d6 7. 0-0 Bb7 8. Re1 Ne7 9. d3 Nxb3 10. axb3 Ng6 11. d4 Be7 12. d5 0-0 13. Ne2 f5 14. exf5 Rxf5 15. Ng3 Rf8 16. c4 Qd7 17. Qd3 c6 18. dxc6 Bxc6 19. Ne4 Qb7 20. Bg5 Nf4 21. Bxf4 Rxf4 22. Neg5 g6 23. c5 Bxg5 24. Nxg5 Rg4 25. Qxd6 Rxg2+ 26. Kf1 Rxg5 27. Qe6+ Kg7 28. Rxe5 Re8 29. Qxe8 Bxe8 30. Rxg5 Qh1+ 31. Rg1 Qe4 32. Rxa6 b4 33. Ra7+ Kh6 34. Rg3 Qb1+ 35. Kg2 Bc6+ 36. Kh3 Qf5+ 0-1